| 000 | 01731cam a2200397 a 4500 | ||
|---|---|---|---|
| 001 | 57696 | ||
| 003 | CO-BoRNBP | ||
| 005 | 20250724145447.0 | ||
| 007 | ta | ||
| 008 | 940729s1993 ck a rd 00010dspa d | ||
| 020 | _a9586002055 (Obra completa) | ||
| 040 |
_ala _cla |
||
| 041 | 1 |
_aspa _heng |
|
| 082 | 0 | 4 |
_aR001.6403 _bF73d _219 ed. |
| 100 | 1 |
_aFreedman, Alan. _961356 |
|
| 245 | 1 | 0 |
_aDiccionario de computación bilingue / _cAlan Freedman ; traducción Universidad Blas Pascal, Isabel Morales Jareno ; revisión y coordinación técnica Luis Joyanes Aguilar. |
| 250 | _a5a. ed. | ||
| 300 |
_a3 v. : _bil., diagrs. ; _c23 cm. + _e1 disquete. |
||
| 336 |
_2rdacontent _atexto _btxt |
||
| 337 |
_2rdamedia _asin mediación _bn |
||
| 338 |
_2rdacarrier _avolumen _bnc |
||
| 500 | _aTraducido de la 5a. ed. en inglés de : The computer glossary : the complete illustrated desk reference. | ||
| 500 | _aIncluye términos por orden alfabético y términos numéricos. | ||
| 500 | _aVocabulario Español-Inglés al final del v.3. | ||
| 505 | 0 | _av.1 A-E. -- v.2 F-O. -- v.3 P-Z ; Vocabulario Español-Inglés. | |
| 650 | 7 |
_aComputadores _v Diccionarios. _2BLAAUTO _961357 |
|
| 650 | 7 |
_aInformática _v Diccionarios. _2BLAAUTO _961358 |
|
| 650 | 7 |
_aLenguajes de programación (Computadores electrónicos) _v Diccionarios. _2BLAAUTO _961359 |
|
| 650 | 7 |
_aProgramas para computador _v Diccionarios. _2BLAAUTO _961360 |
|
| 650 | 7 |
_aSistemas operacionales (Computadores) _v Diccionarios. _2BLAAUTO _961361 |
|
| 700 | 1 |
_aMorales Jareno, Isabel, _etr. _961362 |
|
| 700 | 1 |
_aJoyanes Aguilar, Luis, _erev. _961363 |
|
| 710 | 2 |
_aUniversidad Blas Pascal _c(Córdoba, Argentina), _etr. _961364 |
|
| 942 |
_2ddc _cBK |
||
| 949 |
_an _bn |
||
| 999 |
_c57696 _d57696 |
||